000 00889nmm a2200277 a 4500
001 ocm0001061435
003 TR-IsHL
005 20201028150906.0
008 130625s2002 tu tur
007 cr cn
035 _a1061435
_b(N$T)
050 0 4 _aPS3525.I972
_bR94 2002
090 0 4 _aPS3525.I972
_bR94 2002
100 1 _aMitchell, Margaret
245 1 0 _aRüzgar gibi geçti 1
_h[electronic resource] /
_cMargaret Mitchell ; çev. Mine Tekin
250 _a2. bs.
260 _aİstanbul :
_bToker Yayınları,
_c2002
300 _a670 p.
650 4 _aDil ve Edebiyat
650 4 _aLanguage and Literature
650 0 _aAmerikan romanı
650 0 _aAmerican fiction
650 7 _aLITERARY COLLECTIONS / American / General
_2bisacsh
700 1 _aTekin, Mine
856 4 0 _uhttp://search.ebscohost.com/login.aspx?direct=true&scope=site&db=e011xww&AN=1061435
999 _c10719
_d10719